<?xml version="1.0" encoding="UTF-8"?>
<record
    xmlns:xsi="http://www.w3.org/2001/XMLSchema-instance"
    xsi:schemaLocation="http://www.loc.gov/MARC21/slim http://www.loc.gov/standards/marcxml/schema/MARC21slim.xsd"
    xmlns="http://www.loc.gov/MARC21/slim">

  <leader>00424nam a22001697a 4500</leader>
  <controlfield tag="003">OSt</controlfield>
  <controlfield tag="008">230918b        |||||||| |||| 00| 0 eng d</controlfield>
  <datafield tag="020" ind1=" " ind2=" ">
    <subfield code="a">9789393165695</subfield>
  </datafield>
  <datafield tag="082" ind1=" " ind2=" ">
    <subfield code="a">004 MAC</subfield>
  </datafield>
  <datafield tag="100" ind1=" " ind2=" ">
    <subfield code="a">Made Easy</subfield>
  </datafield>
  <datafield tag="245" ind1=" " ind2=" ">
    <subfield code="a">UGC-NET Computer Science and Application  Previous Solved Papers </subfield>
  </datafield>
  <datafield tag="250" ind1=" " ind2=" ">
    <subfield code="a">5th Ed</subfield>
  </datafield>
  <datafield tag="260" ind1=" " ind2=" ">
    <subfield code="a">New Delhi</subfield>
    <subfield code="b">Made Easy</subfield>
    <subfield code="c">2022</subfield>
  </datafield>
  <datafield tag="300" ind1=" " ind2=" ">
    <subfield code="a">593</subfield>
  </datafield>
  <datafield tag="650" ind1=" " ind2=" ">
    <subfield code="a">Competation</subfield>
  </datafield>
  <datafield tag="942" ind1=" " ind2=" ">
    <subfield code="2">ddc</subfield>
    <subfield code="c">BK</subfield>
  </datafield>
  <datafield tag="999" ind1=" " ind2=" ">
    <subfield code="c">12081</subfield>
    <subfield code="d">12081</subfield>
  </datafield>
  <datafield tag="952" ind1=" " ind2=" ">
    <subfield code="0">0</subfield>
    <subfield code="1">0</subfield>
    <subfield code="2">ddc</subfield>
    <subfield code="4">0</subfield>
    <subfield code="7">0</subfield>
    <subfield code="8">BTECHIT</subfield>
    <subfield code="a">PIET</subfield>
    <subfield code="b">PIET</subfield>
    <subfield code="d">2023-09-06</subfield>
    <subfield code="e">Kriti Prakashan</subfield>
    <subfield code="f">In Rupees</subfield>
    <subfield code="g">825.00</subfield>
    <subfield code="i">1</subfield>
    <subfield code="k">IN925</subfield>
    <subfield code="l">0</subfield>
    <subfield code="o">004 MAC</subfield>
    <subfield code="p">35032</subfield>
    <subfield code="r">2023-09-18 00:00:00</subfield>
    <subfield code="v">577.40</subfield>
    <subfield code="w">2023-09-06</subfield>
    <subfield code="y">REF</subfield>
  </datafield>
  <datafield tag="952" ind1=" " ind2=" ">
    <subfield code="0">0</subfield>
    <subfield code="1">0</subfield>
    <subfield code="2">ddc</subfield>
    <subfield code="4">0</subfield>
    <subfield code="7">0</subfield>
    <subfield code="8">BTECHIT</subfield>
    <subfield code="a">PIET</subfield>
    <subfield code="b">PIET</subfield>
    <subfield code="d">2023-09-06</subfield>
    <subfield code="e">Kriti Prakashan</subfield>
    <subfield code="f">In Rupees</subfield>
    <subfield code="g">825.00</subfield>
    <subfield code="i">1</subfield>
    <subfield code="k">IN925</subfield>
    <subfield code="l">3</subfield>
    <subfield code="o">004 MAC</subfield>
    <subfield code="p">35033</subfield>
    <subfield code="r">2026-04-23 10:50:54</subfield>
    <subfield code="s">2026-04-13</subfield>
    <subfield code="v">577.40</subfield>
    <subfield code="w">2023-09-06</subfield>
    <subfield code="y">BK</subfield>
  </datafield>
  <datafield tag="952" ind1=" " ind2=" ">
    <subfield code="0">0</subfield>
    <subfield code="1">0</subfield>
    <subfield code="2">ddc</subfield>
    <subfield code="4">0</subfield>
    <subfield code="7">0</subfield>
    <subfield code="8">BTECHIT</subfield>
    <subfield code="a">PIET</subfield>
    <subfield code="b">PIET</subfield>
    <subfield code="d">2023-09-06</subfield>
    <subfield code="e">Kriti Prakashan</subfield>
    <subfield code="f">In Rupees</subfield>
    <subfield code="g">825.00</subfield>
    <subfield code="i">1</subfield>
    <subfield code="k">IN925</subfield>
    <subfield code="l">3</subfield>
    <subfield code="o">004 MAC</subfield>
    <subfield code="p">35034</subfield>
    <subfield code="r">2026-06-04 14:00:47</subfield>
    <subfield code="s">2026-03-25</subfield>
    <subfield code="v">577.40</subfield>
    <subfield code="w">2023-09-06</subfield>
    <subfield code="y">BK</subfield>
  </datafield>
  <datafield tag="952" ind1=" " ind2=" ">
    <subfield code="0">0</subfield>
    <subfield code="1">0</subfield>
    <subfield code="2">ddc</subfield>
    <subfield code="4">0</subfield>
    <subfield code="7">0</subfield>
    <subfield code="8">BTECHIT</subfield>
    <subfield code="a">PIET</subfield>
    <subfield code="b">PIET</subfield>
    <subfield code="d">2023-09-06</subfield>
    <subfield code="e">Kriti Prakashan</subfield>
    <subfield code="f">In Rupees</subfield>
    <subfield code="g">825.00</subfield>
    <subfield code="i">1</subfield>
    <subfield code="k">IN925</subfield>
    <subfield code="l">2</subfield>
    <subfield code="o">004 MAC</subfield>
    <subfield code="p">35035</subfield>
    <subfield code="q">2026-05-25</subfield>
    <subfield code="r">2025-11-06 00:00:00</subfield>
    <subfield code="s">2025-11-06</subfield>
    <subfield code="v">577.40</subfield>
    <subfield code="w">2023-09-06</subfield>
    <subfield code="y">BK</subfield>
  </datafield>
  <datafield tag="952" ind1=" " ind2=" ">
    <subfield code="0">0</subfield>
    <subfield code="1">0</subfield>
    <subfield code="2">ddc</subfield>
    <subfield code="4">0</subfield>
    <subfield code="7">0</subfield>
    <subfield code="8">BTECHIT</subfield>
    <subfield code="a">PIET</subfield>
    <subfield code="b">PIET</subfield>
    <subfield code="d">2023-09-06</subfield>
    <subfield code="e">Kriti Prakashan</subfield>
    <subfield code="f">In Rupees</subfield>
    <subfield code="g">825.00</subfield>
    <subfield code="i">1</subfield>
    <subfield code="k">IN925</subfield>
    <subfield code="l">2</subfield>
    <subfield code="o">004 MAC</subfield>
    <subfield code="p">35036</subfield>
    <subfield code="r">2026-04-24 13:41:29</subfield>
    <subfield code="s">2025-11-06</subfield>
    <subfield code="v">577.40</subfield>
    <subfield code="w">2023-09-06</subfield>
    <subfield code="y">BK</subfield>
  </datafield>
</record>
